000 00625nam a2200241Ia 4500
003 OSt
005 20221005123744.0
006 a|||||r|||| 00| 0
007 ta
008 221004b |||||||| |||| 00| 0 eng d
024 _a58571
037 _cTextual
040 _aCRL
_cCRL
_beng
041 _2eng
_aeng
082 _aV2:25xM69w, J2
100 _aMuzumdar Haridas T
245 0 _aMahatma Gandhi, peaceful revolutionary
260 _c1952
490 _aTwentieth century library; 1
650 _aHISTORY
942 _hV2:25xM69w, J2
_cTEXL
_2cc
999 _c1048375
_d1048375